Derrotero de las Islas Canarias y Archipiélago de la Madera / (Record no. 152407)
[ view plain ]
| 000 -LEADER | |
|---|---|
| campo de control de longitud fija | 00872nam a2200205 i 4500 |
| 001 - NÚMERO DE CONTROL | |
| campo de control | 152407 |
| 003 - IDENTIFICADOR DE NÚMERO DE CONTROL | |
| campo de control | ES-MaACL |
| 005 - FECHA Y HORA DE LA ÚLTIMA TRANSACCIÓN | |
| campo de control | 20230906204727.0 |
| 008 - DATOS DE LONGITUD FIJA--INFORMACIÓN GENERAL | |
| campo de control de longitud fija | 931025s1876 sp a |||| | spa d |
| 040 ## - FUENTE DE CATALOGACIÓN | |
| Centro catalogador/agencia de origen | PAB |
| Lengua de catalogación | spa |
| Centro/agencia transcriptor | PAB |
| 100 1# - ENTRADA PRINCIPAL--NOMBRE DE PERSONA | |
| Nombre de persona | Borja Salamanca, Luis. |
| 9 (RLIN) | 30503 |
| 245 10 - MENCIÓN DEL TÍTULO | |
| Título | Derrotero de las Islas Canarias y Archipiélago de la Madera / |
| Mención de responsabilidad, etc. | redactado en la Direccion de Hidrografía con presencia de las publicaciones más recientes [ por Luis Borja Salamanca]. |
| 260 ## - PUBLICACIÓN, DISTRIBUCIÓN, ETC. | |
| Lugar de publicación, distribución, etc. | Madrid : |
| Nombre del editor, distribuidor, etc. | Direccion de Hidrografía, |
| Fecha de publicación, distribución, etc. | 1876 ( |
| Fabricante | Imprenta de T. Fortanet) |
| 300 ## - DESCRIPCIÓN FÍSICA | |
| Extensión | XI, 103 p., [8] h. pleg. ; |
| Dimensiones | 24 cm. |
| 594 ## - Nota al título y mención de responsabilidad | |
| Nota al título y mención de responsabilidad | Autor tomado de anotación manuscrita en la portada. |
| 650 #4 - PUNTO DE ACCESO ADICIONAL DE MATERIA--TÉRMINO DE MATERIA | |
| Término de materia o nombre geográfico como elemento de entrada | Derroteros- |
| Subdivisión geográfica | Canarias. |
| 9 (RLIN) | 147878 |
| 650 #4 - PUNTO DE ACCESO ADICIONAL DE MATERIA--TÉRMINO DE MATERIA | |
| Término de materia o nombre geográfico como elemento de entrada | Derroteros- |
| Subdivisión geográfica | Madeira. |
| 9 (RLIN) | 147879 |
| 710 1# - ENTRADA AGREGADA--NOMBRE DE ENTIDAD CORPORATIVA | |
| Nombre de entidad corporativa o nombre de jurisdicción como elemento de entrada | España. |
| Unidad subordinada | Dirección de Hidrografía. |
| 9 (RLIN) | 3694 |
| 852 ## - LOCALIZACIÓN | |
| Ubicación | ES-MaACL |
| Número de control de estantería | G-11306 |
| Nota libre | -- Enc. hol. |
| Estatus retirado | Estado de pérdida | Estado de daño | No para préstamo | Colección | Biblioteca de origen | Biblioteca actual | Ubicación en estantería | Fecha de adquisición | Fuente de adquisición | Total de préstamos | Signatura topográfica completa | Código de barras | Visto por última vez | Precio de reemplazo | Tipo de ítem Koha |
|---|---|---|---|---|---|---|---|---|---|---|---|---|---|---|---|
| Libros del s. XIX | Biblioteca del Ateneo de Madrid | Biblioteca del Ateneo de Madrid | Sala Pecera Planta 3 | 17/01/2008 | G-11306 | 1159139 | 23/02/2023 | 23/02/2023 | Libro impreso antiguo |
